Quiz o Żorach - Statystyki

Ogólne statystyki
  • Ten quiz został rozwiązany 18 razy
  • Średni wynik to 8 z 14
Statystyki odpowiedzi
Wskazówka Odpowiedź % Poprawnych
Jak nazywa się autostrada, która przebiega przez Żory Autostrada {Bursztynowa}
93%
Jak nazywa się park wodny, który jest położony przy ul. Wodzisławskiej 3a w Żorach? Park Wodny {Aquarion}
79%
Jak nazywa się najdłuższa rzeka przepływająca przez Żory? Ruda
79%
Jaka jest inna, zwyczajowa nazwa dla Drogi Krajowej nr 81, która przebiega przez Żory? Wiślanka
79%
Muzeum położone przy ul. Katowickiej 3, które nawiązuje do wielu pożarów, które miały miejsce w historii miasta Muzeum {Ognia}
71%
Jak nazywa się dzielnica posiadająca niewielką eksklawę na zachód od powyższej autostrady? Rój
71%
Jak nazywa się park rekreacyjny, który zwyciężył w internetowym głosowaniu na Najlepszą Przestrzeń Publiczną Województwa Śląskiego 2016, położony się w obrębie ulic Folwareckiej i Wodzisławskiej? Park {Cegielnia}
64%
Jak nazywa się park rozrywki stylizowany na Dziki Zachód w Żorach? Twinpigs
64%
Jak nazywa się obecny prezydent miasta? Waldemar Socha
64%
Czyim imieniem zostało nazwana najstarsza, wciąż istniejąca szkoła średnia w Żorach? Karola Miarki
50%
Jak nazywa się dzielnica Żor, która graniczy z miastem Jastrzębie-Zdrój oraz dzielnicami - Osiny, Rowień-Folwarki, Zachód, os. Pawlikowskiego oraz powyższym? Rogoźna
50%
Jak nazywa się gmina, która oddziela tę eksklawę od reszty Żor? Świerklany
36%
Jak nazywa się fizyk urodzony w Żorach, który w 1943 r. otrzymał Nagrodę Nobla za odkrycie momentu magnetycznego protonu? Otto Stern
29%
Jak nazywa się najlepszy żeński klub piłki ręcznej z Żor? MTS Żory
14%
Nie znaleziono quizów pasujących do podanych kryteriów
Rozkład punktacji
Procent ludzi z każdym wynikiem
Percentyl według liczby udzielonych odpowiedzi
Twoja historia wyników
Nie rozwiązałeś tego quizu